1530 1740 1817 1765 1299 1384 1338 1399 1522 1108 1328 1308 1121 1837 1506 1823 1461 1635 1760 1557 1403 1948 1519 1047 1887 1011 1212 1553 1963 1145 1187 1504 1531 1926 1538 1350 1423 1683 1643 1983 1886 1744 1314 1431 1688 1745 1545 1523 1388 1367 1931 1868 1014 1296 1279 1186 1272 1262 1226 1863 1270 1789 1857 1892 1761 1170 1976 1045 1587 1647 1619 1031 1762 1478 1988 1903 1949 1073 1003 1049 1223 1455 1257 1187 1842 1712 1667 1351 1036 1417 1169 1282 1011 1923 1320 1779 1191 1742 1734 BCNSPRNW ULIB Ver.6.0+V

เปลี่ยนเป็นภาษาไทย

Change to English
 แสดงรายละเอียดบรรณานุกรม
  กลับหน้าหลัก

Brief Record : Get Marc (ISO 2709) : E-mail record : QR code < ปิดหน้าต่าง
LEADER : 00000nam 2200000uu 4500
001    13399110738
003     ULIB
008    110608s2546||||th 000 0 tha d
020    9749110277 (ล.1)
060 04 WS105^bด819 ล.1 2546
245 00 เด็กตามธรรมชาติ 1:^bคู่มือดูแลและเสริมสร้างศักยภาพเด็กในเจ็ดปีแรก =Natural childhood : a pratical guide to the first seven years /^cจอหน์ บี ทอมสัน ... [และคนอื่นๆ], เขียน ; วิศิษฐ์ วังวิญญู, แปล
250    พิมพ์ครั้งที่ 1
260    กรุงเทพฯ :^bสวนเงินมีมา,^c2546
300    2 เล่ม :^bภาพประกอบ ;^c25 ซม
505 2  ล.1 เด็กที่กำลังพัฒนา, การสื่อสาร, การเล่นและการสร้างสรรค์ -- ล.2โลกที่เผยออก, สุขภาพและการเยียวยา, การศึกษาและระบบโรงเรียน
650  7 เด็ก^xการดูแล
650  7 พัฒนาการของเด็ก
700 1  ทอมสัน, จอหน์ บี
700 0  วิศิษฐ์ วังวิญญู
700 12 Thomson, John B.^tNatural childhood : a pratical guide to the first seven years
945    ^p480^l0^i016480
945    ^p480^l0^i016478
945    ^p480^l0^i016479
995    ทศพร
999 ^a ใช้งานได้ทุกระบบ
รายการนี้ยังไม่มีแท็ก
คุณยังไม่ได้ล็อกอิน คุณสามารถมีกิจกรรมร่วมกับเว็บไซต์ได้ แต่ต้องล็อกอินก่อน ::
  ล็อกอิน

รายการสื่อสารสนเทศ

ลำดับที่ ประเภท เลขเรียก/บาร์โค้ด สถานที่ สถานะ
- ไม่พบข้อมูล -

รายการใกล้เคียง
    หัวเรื่อง [เด็ก การดูแล]
    หัวเรื่อง [พัฒนาการของเด็ก]

BibComment


ยังไม่เคยถูกคอมเมนท์

คอมเมนท์ทรัพยากรรายการนี้
  คอมเมนท์: เด็กตามธรรมชาติ 1..


 Copyright 2026. Bcnsprnw @Library